000 00683nas a2200229 4500
001 BR0800645
003 BR-BrBNA
005 20231205111533.0
007 ta
008 230509b bl.|||p| |||| 00| 00por d
040 _aBR-BrBNA
_bpor
_cBiblioteca Nacional de Agricultura
041 _a(Pt)
072 _aL40
100 1 _aLanzieri, P.D.
100 1 _aInada, T.
245 1 _aEstudo histoquímico do polissacarideo das gândulas esofágicas da coruja (Tito alba tuídara)
650 _aCORUJA
650 _aANATOMIA
773 0 _tVeterinária (Brazil)
_x
_g1969, v. 22 (Special Number p. 61-63
_wBR0800645
909 _a202311
_bLúcia
_c55
_dLúcia Elande
942 _2AGRIS
_n0
_cANA
999 _c193223
_d193223